Assessment and evaluation in higher education

Bibliographic Details
Previous Title:Assessment in higher education (Online)
Corporate Author: Taylor & Francis
Format: Electronic Journal
Language:English
Published: [Abingdon, Oxfordshire] : Carfax International Publishers, 1981-
[Abingdon] : Routledge, Taylor & Francis Group
Subjects:
Online Access:Full text available from Research Library: 09/01/1997 to 09/30/2000

MARC

LEADER 00000nas a2200000 a 4500
001 ssj0004315
003 WaSeSS
005 20200512172242.0
006 m d
007 cr n
008 001002c19819999enkbx pss 0 a0eng c
010 |a  2007233479 
015 |a GBA605076  |2 bnb 
016 7 |a 013357497  |2 Uk 
022 |a 1469-297X  |l 0260-2938  |y 0260-2938 
030 |a AEHEED 
035 |a (WaSeSS)ssj0004315 
040 |a F#A  |b eng  |e pn  |c F#A  |d OCLCQ  |d CGU  |d OCLCQ  |d MUQ  |d GUA  |d OCLCQ  |d LGG  |d CUD  |d OCLCQ  |d OCLCF  |d OCLCO  |d OCLCQ  |d DLC  |d OCLCA  |d UX1  |d UKMGB  |d OCLCQ  |d WT2  |d VT2  |d OCLCQ  |d AU@  |d OCLCQ  |d WaSeSS 
042 |a pcc 
050 0 0 |a LB2300 
082 0 4 |a 378 
130 0 |a Assessment and evaluation in higher education (Online) 
245 1 0 |a Assessment and evaluation in higher education  |h [electronic resource]. 
246 1 |i Some providers have contents screen title:  |a Assessment & evaluation in higher education 
260 |3 1981- :  |a [Abingdon, Oxfordshire] :  |b Carfax International Publishers,  |c 1981- 
260 3 |3 <2012-> :  |a [Abingdon] :  |b Routledge, Taylor & Francis Group 
310 |a Eight issues a year,  |b 2012- 
321 |a Frequency varies,  |b 1981-2011 
362 1 |a Began with vol. 6, issue 1 (1981). 
506 |a License restrictions may limit access. 
538 |a Mode of access: World Wide Web. 
588 0 |a Vol. 6, issue 1 (1981); title from journal cover image on homepage (publisher's Web site, viewed Oct. 02, 2000). 
588 1 |a Vol. 42, issue 4 (2017) (Taylor & Francis Online, viewed May 5, 2017). 
650 0 |a Education, Higher  |x Evaluation  |v Periodicals. 
650 6 |a Enseignement supérieur  |x Évaluation  |v Périodiques. 
650 7 |a Education, Higher  |x Evaluation.  |2 fast  |0 (OCoLC)fst00903055 
650 7 |a Onderwijsevaluatie.  |2 gtt 
650 7 |a Tests.  |2 gtt 
650 7 |a Hoger onderwijs.  |2 gtt 
655 0 |a Electronic journals. 
710 2 |a Taylor & Francis. 
776 0 8 |i Print version:  |t Assessment and evaluation in higher education  |x 0260-2938  |w (DLC)sc 82004023  |w (OCoLC)7495352 
780 0 0 |t Assessment in higher education (Online)  |w (OCoLC)827215125 
850 |a DLC 
856 4 0 |z Full text available from Research Library: 09/01/1997 to 09/30/2000  |u https://search.proquest.com/publication/48239